00338 2200145 4500001002100000005001500021035002000036245003600056100001800092300001200110260003600122082000800158084001400166990001200180INLIS00000000000238220250528114811 a0010-05250006741 aMistikus Cinta /cKahlil Gibran0 aKahlil Gibran a143 hlm aYogyakarta :bDiva Press,c2004 a813 a813 KAH m a0712660